| 000 | 00378nam a2200145Ia 4500 | ||
|---|---|---|---|
| 008 | 150201s1992 xx 000 0 und d | ||
| 082 |
_a610 _bE1992F |
||
| 100 | _aFULDE,GORDIAN W.O. | ||
| 245 | _aEMERGENCY MEDICINE : THE PRINCIPLES OF PRACTICE | ||
| 250 | _a2ND | ||
| 260 |
_bJAYPEE MEDICAL PUBLISHER _aDELHI _c1992 |
||
| 300 | _a1-492 | ||
| 650 | _aMEDICINE | ||
| 942 |
_2ddc _cBK |
||
| 999 |
_c3000 _d3000 |
||